000 00594nam a2200217Ia 4500
003 OSt
005 20220928140636.0
006 a|||||r|||| 00| 0
007 ta
008 220927b |||||||| |||| 00| 0 eng d
024 _a10319
037 _cTextual
040 _aSDCL
_cSDCL
_beng
041 _2eng
_aeng
082 _aO-,J:g(Y15), M9
100 _aBerry Philippa
_9496475
245 0 _aOf chastity and power
_b Elizabethan literature and the unmarried queen.
260 _c1989
942 _hO-,J:g(Y15), M9
_cTEXL
_2CC
999 _c812841
_d812841